| 000 | 00000nam##2200000za#4500 |
| 001 | 9.641457 |
| 003 | CaOODSP |
| 005 | 20210624223223 |
| 007 | cr ||||||||||| |
| 008 | 150407|2005||||xxc|||||o f|0| 0 fre|d |
| 040 | |aCaOODSP|bfre |
| 043 | |an-cn--- |
| 086 | 1 |aFo4-14/6-2005F-PDF |
| 110 | 1 |aCanada.|bRessources naturelles Canada. |bService canadien des forêts. |
| 245 | 10|aLes forêts et les terres humides du Canada : |h[ressource électronique]|bles purificateurs naturels de notre eau / |c[publié par l'] Association forestière canadienne. |
| 246 | 3 |aTrousse d'enseignement. Volume 6, Les forêts et l'eau |
| 260 | |aOttawa - Ontario : |bRessources naturelles Canada. |cc2005. |
| 300 | |a44p.|bfigures, glossaire, ill., photographies |
| 500 | |aLe numéro ISBN (0-97347807-1-1) pour l'édition imprimée a été incorrectement copié dans cette publication électronique. |
| 520 | 3 |aOffre aux enseignants les outils nécessaires pour mieux faire comprendre aux jeunes la valeur des forêts et l'importance de les protéger et de les conserver. |
| 590 | |a13-06-Supp|b2013-03-19 |
| 691 | 07|aForêt|2gcpds |
| 691 | 07|aZone humide|2gcpds |
| 775 | 08|tCanada's forests and wetlands : |w(CaOODSP)9.697411 |
| 776 | 0#|tLes forêts et les terres humides du Canada : |w(CaOODSP)9.684248 |
| 856 | 40|ahttp://publications.gc.ca|qPDF|s1.86 Mo|uhttps://publications.gc.ca/collections/collection_2013/rncan-nrcan/Fo4-14-6-2005-fra.pdf |